000 00648cam a22002291 4500
001 sa 65010290
003 DLC
005 20260227112207.0
008 870824s1964 pk 000 0 eng
010 _asa 65010290
025 _aPL480:P-E-726
035 _a(OCoLC)16529319
040 _aDLC
_cWaU
_dDLC
050 0 0 _aBP75
_b.L32
100 1 _aLane-Poole, Stanley,
_d1854-1931.
245 1 4 _aThe Prophet and Islam.
250 _aAbridged from an ed. of 1879.
260 _aLahore,
_bNational Book Society
_c[1964]
300 _a48 p.
_c19 cm.
490 0 _aNational Book Society. Publication
_vno. 1
600 0 0 _aMuḼammad,
_cProphet,
_d-632.
999 _c66676
_d66676